Select naval documents (Record no. 2407)

000 -LEADER
fixed length control field 00439nam a22001697a 4500
008 - FIXED-LENGTH DATA ELEMENTS--GENERAL INFORMATION
fixed length control field 200228b ||||| |||| 00| 0 eng d
082 00 - DEWEY DECIMAL CLASSIFICATION NUMBER
Classification number 359
Item number H6886
100 ## - MAIN ENTRY--PERSONAL NAME
9 (RLIN) 1991
Personal name Hodges, H. W.
245 10 - TITLE STATEMENT
Title Select naval documents
250 ## - EDITION STATEMENT
Edition statement 2nd ed.
260 ## - PUBLICATION, DISTRIBUTION, ETC. (IMPRINT)
Place of publication, distribution, etc Cambridge
Name of publisher, distributor, etc Cambridge University press
Date of publication, distribution, etc 1936
300 ## - PHYSICAL DESCRIPTION
Extent xii,227 p.
365 ## - TRADE PRICE
Unit of pricing 9.06
650 #0 - SUBJECT ADDED ENTRY--TOPICAL TERM
Topical term or geographic name as entry element Royal Navy
700 ## - ADDED ENTRY--PERSONAL NAME
9 (RLIN) 2004
Personal name Hughes, E. A.
942 ## - ADDED ENTRY ELEMENTS (KOHA)
Item type Books
Holdings
Withdrawn status Lost status Source of classification or shelving scheme Damaged status Not for loan Permanent location Current location Date acquired Source of acquisition Full call number Barcode Date last seen Koha item type
          IMU Kolkata IMU Kolkata 1954-03-10 A. H. Wheeler 359 H6886 01966 2020-02-28 Books
          IMU Kolkata IMU Kolkata 1954-03-10 A. H. Wheeler 359 H6886 01967 2020-02-28 Books
Designed and Maintained by IMU-KC Library, Kolkata Campus © Copyright All Rights Reserved

webs counters

Powered by Koha